[Event "Athens Erythraias op 1st"]
[Site "Athens"]
[Date "2014.11.18"]
[Round "3"]
[White "Siamidis, Dimitrios"]
[Black "Panagiotakos, Petros"]
[Result "1/2-1/2"]
[WhiteElo "2070"]
[BlackElo "1796"]
[PlyCount "100"]
[EventDate "2014.11.04"]
[EventType "swiss"]
[EventRounds "7"]
[EventCountry "GRE"]
[SourceTitle "EXT 2024"]
[Source "ChessBase"]
[SourceDate "2023.10.10"]
[SourceVersion "1"]
[SourceVersionDate "2023.10.10"]
[SourceQuality "1"]

1. Nf3 c5 2. b3 d5 3. e3 Nc6 4. Bb2 e6 5. Bb5 Bd7 6. 0-0 Nf6 7. Bxc6 Bxc6 8. Ne5 Qc7 9. d4 Bd6 10. Nd2 cxd4 11. exd4 0-0 12. Rc1 Rac8 13. Re1 b6 14. Re3 Rfd8 15. Rh3 g6 16. Ndf3 Ne4 17. Qe2 Be8 18. Nd2 Nxd2 19. Qxd2 h5 20. Qg5 Qe7 21. Qxe7 Bxe7 22. f4 f6 23. Nd3 Rc7 24. c3 Rdc8 25. Re1 Kf7 26. Rhe3 Bd7 27. Nf2 Bd6 28. g3 Re8 29. Rf3 Bc6 30. Nd3 Kg7 31. Rfe3 Rce7 32. Kf2 a5 33. h3 Bb5 34. Nc1 Kf7 35. a4 Ba6 36. Rf3 Kg7 37. g4 hxg4 38. hxg4 Rh8 39. Kg2 Kf8 40. g5 Reh7 41. Rxe6 Rh2+ 42. Kg1 Rh1+ 43. Kf2 R8h2+ 44. Kg3 Rxb2 45. Rxd6 Rxc1 46. Rxf6+ Kg7 47. Re3 Rg1+ 48. Kf3 Rf1+ 49. Kg3 Rg1+ 50. Kf3 Rf1+ 1/2-1/2

[Event "Athens Smaok 1900+ 13th"]
[Site "Athens"]
[Date "2011.11.22"]
[Round "3.5"]
[White "Kourkoulos Arditis, Stamatis"]
[Black "Siamidis, Dimitrios"]
[Result "1/2-1/2"]
[WhiteElo "2186"]
[BlackElo "2030"]
[PlyCount "71"]
[EventDate "2011.11.08"]
[EventType "swiss"]
[EventRounds "7"]
[EventCountry "GRE"]
[SourceTitle "EXT 2024"]
[Source "ChessBase"]
[SourceDate "2023.10.10"]
[SourceVersion "1"]
[SourceVersionDate "2023.10.10"]
[SourceQuality "1"]

1. e4 b6 2. d4 Bb7 3. Nc3 e6 4. Be3 Ne7 5. Qd2 a6 6. 0-0-0 d5 7. e5 Nd7 8. f4 c5 9. Nf3 Rc8 10. g4 h5 11. f5 hxg4 12. fxe6 gxf3 13. exd7+ Qxd7 14. h4 Nf5 15. Bh3 g6 16. dxc5 Bxc5 17. Bxc5 Rxc5 18. Ne4 Qc7 19. Nxc5 bxc5 20. Bxf5 gxf5 21. Qg5 Qd7 22. h5 Qe6 23. Kb1 d4 24. Rhf1 Be4 25. Qg7 Qh6 26. Qg3 Qxh5 27. e6 Qh2 28. Qg7 fxe6 29. Rf2 Qxf2 30. Qxh8+ Ke7 31. Qg7+ Kd6 32. Qf8+ Ke5 33. Qh8+ Kd5 34. Qa8+ Ke5 35. Qh8+ Kd5 36. Qa8+ 1/2-1/2

[Event "Heraklio op-A 11th"]
[Site "Heraklion"]
[Date "2007.06.12"]
[Round "4"]
[White "Ntatsis, Georgios"]
[Black "Siamidis, Dimitrios"]
[Result "0-1"]
[WhiteElo "1949"]
[BlackElo "2146"]
[PlyCount "88"]
[EventDate "2007.06.09"]
[EventType "swiss"]
[EventRounds "9"]
[EventCountry "GRE"]
[SourceTitle "EXT 2008"]
[Source "ChessBase"]
[SourceDate "2007.11.25"]
[SourceVersion "1"]
[SourceVersionDate "2007.11.25"]
[SourceQuality "1"]

1. Nf3 d5 2. g3 Nc6 3. Bg2 e5 4. d3 f5 5. 0-0 Nf6 6. c3 a5 7. a4 Be7 8. Na3 0-0 9. Qb3 Kh8 10. Nb5 Be6 11. d4 e4 12. Ng5 Bg8 13. Bf4 Ne8 14. h4 h6 15. Nh3 Ra6 16. f3 Rb6 17. Qc2 Nb8 18. Qd2 Nd7 19. b4 axb4 20. cxb4 c6 21. Na3 Bxb4 22. Qc1 c5 23. a5 Rc6 24. a6 bxa6 25. fxe4 fxe4 26. Be5 Rxf1+ 27. Bxf1 Nxe5 28. dxe5 Qe7 29. Nf4 Qxe5 30. Nc2 Bc3 31. Ra4 g5 32. hxg5 Qxg5 33. Qe3 Be5 34. Bg2 Nf6 35. Qd2 Qxg3 36. e3 Ng4 37. Ra3 Qh2+ 38. Kf1 Rf6 39. Ke1 Qg1+ 40. Bf1 Qg3+ 41. Kd1 Rb6 42. Qe2 Rb1+ 43. Kd2 Bxf4 44. exf4 Qxf4+ 0-1

[Event "Heraklio op-A 11th"]
[Site "Heraklion"]
[Date "2007.06.11"]
[Round "3"]
[White "Siamidis, Dimitrios"]
[Black "Xylogiannopoulos, Antonios"]
[Result "1-0"]
[WhiteElo "2146"]
[BlackElo "1912"]
[PlyCount "71"]
[EventDate "2007.06.09"]
[EventType "swiss"]
[EventRounds "9"]
[EventCountry "GRE"]
[SourceTitle "EXT 2008"]
[Source "ChessBase"]
[SourceDate "2007.11.25"]
[SourceVersion "1"]
[SourceVersionDate "2007.11.25"]
[SourceQuality "1"]

1. e4 e6 2. d4 d5 3. Nc3 Nc6 4. e5 Nge7 5. Bg5 Bd7 6. Nf3 h6 7. Be3 Nf5 8. Bd3 Nh4 9. 0-0 Nxf3+ 10. Qxf3 Nb4 11. a3 Nxd3 12. cxd3 Qe7 13. Rfc1 g5 14. Ne2 0-0-0 15. Bd2 h5 16. Bb4 Qe8 17. Ba5 b6 18. Bd2 Be7 19. Nc3 Qg8 20. a4 g4 21. Qd1 g3 22. fxg3 h4 23. g4 Qg6 24. Be1 Bg5 25. Rc2 f5 26. Nb5 Bxb5 27. axb5 Kb7 28. Rxc7+ Kxc7 29. Rxa7+ Kb8 30. Qa4 Be3+ 31. Kh1 Rc8 32. Ra8+ Kc7 33. Qa7+ Kd8 34. Qxb6+ Ke7 35. Qd6+ Kf7 36. Qd7+ 1-0

[Event "Nikaia op 14th"]
[Site "Nikaia"]
[Date "2006.08.??"]
[Round "4"]
[White "Siamidis, Dimitrios"]
[Black "Kalesis, Nikolaos"]
[Result "0-1"]
[WhiteElo "2189"]
[BlackElo "2435"]
[PlyCount "140"]
[EventDate "2006.08.??"]
[EventType "swiss"]
[EventRounds "9"]
[EventCountry "GRE"]
[SourceTitle "EXT 2008"]
[Source "ChessBase"]
[SourceDate "2007.11.25"]
[SourceVersion "1"]
[SourceVersionDate "2007.11.25"]
[SourceQuality "1"]

1. e4 c5 2. Nf3 d6 3. d4 cxd4 4. Nxd4 a6 5. Bd3 Nf6 6. 0-0 e6 7. c4 Be7 8. Nc3 0-0 9. Re1 b6 10. Be3 Bb7 11. f3 Nbd7 12. Qe2 Rc8 13. b3 Ne5 14. Rac1 Nxd3 15. Qxd3 Qc7 16. Red1 Rfe8 17. Nde2 Nd7 18. Na4 Bc6 19. Nec3 Qb8 20. Qe2 b5 21. Nb2 Ne5 22. cxb5 axb5 23. Nd3 Nxd3 24. Qxd3 b4 25. Ne2 d5 26. exd5 Bxd5 27. Nf4 Bb7 28. Qe2 Bd6 29. g3 g6 30. Qf2 Rxc1 31. Rxc1 Qa8 32. Kg2 e5 33. Nh3 Rc8 34. Rxc8+ Qxc8 35. Qd2 Bf8 36. Ng1 h5 37. Qc1 Qf5 38. Qc7 Bd5 39. Qd8 Qc2+ 40. Bf2 Qd1 41. Qe8 Be6 42. Qb8 Qd5 43. Be1 Qc5 44. Bf2 Qa5 45. Nh3 f6 46. Qe8 Bf7 47. Qc6 Kg7 48. Qc2 Bd5 49. Ng1 Qa8 50. Qc7+ Kg8 51. Qc2 Kh7 52. Be3 Qb7 53. Kf2 Bd6 54. Qd2 Qc6 55. Qc1 Qb7 56. Qc2 Kg7 57. Qc1 Kf7 58. Qc2 Qa6 59. Ne2 Qb7 60. Ng1 Qc6 61. Qxc6 Bxc6 62. Ne2 Ke6 63. Nc1 Kf5 64. Ke2 e4 65. fxe4+ Kxe4 66. Kf2 g5 67. Ne2 Kd3 68. Nd4 Bd7 69. Kf3 Be5 70. Ne2 Bg4+ 0-1

[Event "Heraclion op 10th"]
[Site "Athens"]
[Date "2006.06.16"]
[Round "7"]
[White "Tsiropoulas, Apostolos"]
[Black "Siamidis, Dimitrios"]
[Result "1-0"]
[WhiteElo "2012"]
[BlackElo "2189"]
[PlyCount "81"]
[EventDate "2006.06.10"]
[EventType "swiss"]
[EventRounds "9"]
[EventCountry "GRE"]
[SourceTitle "CBM 112 Extra"]
[Source "ChessBase"]
[SourceDate "2006.07.14"]
[SourceVersion "1"]
[SourceVersionDate "2006.07.14"]
[SourceQuality "1"]

1. d4 Nf6 2. Nc3 d6 3. e4 g6 4. Bg5 Bg7 5. e5 Ng8 6. Nf3 c6 7. exd6 Qxd6 8. Bc4 Be6 9. Qe2 Bxc4 10. Qxc4 Nd7 11. 0-0 Nb6 12. Qe2 Nf6 13. Rfe1 e6 14. Rad1 0-0 15. Ne5 Nbd5 16. Rd3 Nxc3 17. bxc3 Nd5 18. c4 Nb4 19. c5 Qc7 20. Rb3 Nd5 21. c4 Nf6 22. Rh3 Ne8 23. Qg4 f5 24. Qh4 Bf6 25. Nf3 Bxg5 26. Nxg5 Nf6 27. Nxe6 Qa5 28. Rhe3 Rf7 29. Ng5 Rg7 30. h3 Rf8 31. Qh6 Ne4 32. Ne6 Rgf7 33. Nxf8 Rxf8 34. f3 Qd2 35. fxe4 f4 36. R3e2 Qxd4+ 37. Rf2 Qxc5 38. Qh4 Qxc4 39. Rxf4 Qc5+ 40. Kh1 Re8 41. Qf6 1-0

[Event "Nikaia op 13th"]
[Site "Nikaia"]
[Date "2005.08.27"]
[Round "6"]
[White "Siamidis, Dimitrios"]
[Black "Santrian, Ararat"]
[Result "0-1"]
[WhiteElo "2188"]
[BlackElo "2343"]
[PlyCount "118"]
[EventDate "2005.08.23"]
[EventType "swiss"]
[EventRounds "9"]
[EventCountry "GRE"]
[SourceTitle "CBM 108 Extra"]
[Source "ChessBase"]
[SourceDate "2005.11.04"]
[SourceVersion "1"]
[SourceVersionDate "2005.11.04"]
[SourceQuality "1"]

1. e4 c5 2. Nf3 Nc6 3. d4 cxd4 4. Nxd4 e5 5. Nb5 a6 6. Nd6+ Bxd6 7. Qxd6 Qf6 8. Qxf6 Nxf6 9. f3 d5 10. exd5 Nxd5 11. c3 Bf5 12. Bc4 Rd8 13. 0-0 0-0 14. Bg5 f6 15. Be3 Kh8 16. Bxd5 Rxd5 17. Na3 Rd3 18. Rfe1 Rfd8 19. Rac1 Be6 20. Ra1 h5 21. Kf1 Ne7 22. Bf2 g5 23. h4 gxh4 24. Bxh4 Kg7 25. Bf2 Ng6 26. Be3 h4 27. Kf2 Kf7 28. Nc2 Ne7 29. Nb4 R3d6 30. f4 Bf5 31. fxe5 fxe5 32. Bg5 e4 33. Nc2 Rb6 34. b3 Rd3 35. Nd4 Bg6 36. Bxh4 Nd5 37. Kg1 Nxc3 38. Ne2 Nd5 39. Rf1+ Kg7 40. Nf4 Nxf4 41. Rxf4 e3 42. Raf1 e2 43. Re1 Rd2 44. Bf2 Rb5 45. Bd4+ Kg8 46. Kf2 Rxa2 47. Rh1 Rf5 48. Rxf5 Bxf5 49. Re1 Bd3 50. b4 Kf7 51. Ke3 Bb5 52. Bc5 Rc2 53. g4 a5 54. Kf2 a4 55. g5 Kg6 56. Be7 Rb2 57. Ke3 a3 58. Ra1 a2 59. Kf2 Rb1 0-1

[Event "Athens Acropolis op"]
[Site "Athens"]
[Date "2004.11.20"]
[Round "5"]
[White "Kokolias, Konstantinos"]
[Black "Siamidis, Dimitrios"]
[Result "1/2-1/2"]
[WhiteElo "2172"]
[BlackElo "2211"]
[PlyCount "153"]
[EventDate "2004.11.16"]
[EventType "swiss"]
[EventRounds "9"]
[EventCountry "GRE"]
[SourceTitle "CBM 103 Extra"]
[Source "ChessBase"]
[SourceDate "2005.01.01"]
[SourceVersion "1"]
[SourceVersionDate "2005.01.01"]
[SourceQuality "1"]

1. e4 d6 2. d4 Nf6 3. Nc3 c6 4. Nf3 g6 5. Bf4 Bg7 6. Qd2 Qa5 7. e5 dxe5 8. dxe5 Nd5 9. Nxd5 Qxd2+ 10. Bxd2 cxd5 11. h3 0-0 12. 0-0-0 Nc6 13. Bc3 e6 14. Bb5 a6 15. Bxc6 bxc6 16. Bd4 a5 17. a4 Ba6 18. Nd2 Rfc8 19. Nb3 Bh6+ 20. Kb1 Bf8 21. Nc5 Rc7 22. Rhe1 Bc8 23. Re3 Rb8 24. Rc3 Rb4 25. b3 Bg7 26. f4 Bf8 27. h4 Kg7 28. g3 Be7 29. Rd2 h6 30. Be3 Kh7 31. Kc1 Bf8 32. Kd1 Bg7 33. Bd4 Bf8 34. Ke1 Be7 35. Be3 f6 36. Bd4 Kg7 37. Kf2 f5 38. Kf3 g5 39. hxg5 hxg5 40. Ke3 Kg6 41. Rh2 Bf8 42. Nd3 Rb8 43. Bc5 Bxc5+ 44. Rxc5 Ba6 45. Rxa5 Bxd3 46. Kxd3 Rb4 47. Ke3 Re4+ 48. Kf3 c5 49. Ra6 Re7 50. Rc6 c4 51. bxc4 Rxc4 52. Rxc4 dxc4 53. c3 Rd7 54. Rc2 Rd3+ 55. Kf2 Kh5 56. fxg5 Kxg5 57. a5 f4 58. gxf4+ Kxf4 59. a6 Rf3+ 60. Ke2 Re3+ 61. Kf2 Rf3+ 62. Kg2 Rg3+ 63. Kh2 Rg7 64. Ra2 Ra7 65. Kg2 Ke3 66. Kg3 Kd3 67. Ra3 Kc2 68. Kf4 Kb2 69. Ra5 Kxc3 70. Kg5 Kb4 71. Ra1 c3 72. Kf6 c2 73. Rc1 Kc3 74. Kxe6 Rxa6+ 75. Kf7 Kd2 76. Rxc2+ Kxc2 77. e6 1/2-1/2

[Event "Athens Acropolis op"]
[Site "Athens"]
[Date "2004.11.16"]
[Round "1"]
[White "Svetushkin, Dmitry"]
[Black "Siamidis, Dimitrios"]
[Result "1-0"]
[WhiteElo "2568"]
[BlackElo "2211"]
[PlyCount "63"]
[EventDate "2004.11.16"]
[EventType "swiss"]
[EventRounds "9"]
[EventCountry "GRE"]
[SourceTitle "CBM 103 Extra"]
[Source "ChessBase"]
[SourceDate "2005.01.01"]
[SourceVersion "1"]
[SourceVersionDate "2005.01.01"]
[SourceQuality "1"]

1. d4 Nf6 2. c4 g6 3. Nc3 Bg7 4. e4 d6 5. f3 c6 6. Nge2 a6 7. Be3 Nbd7 8. c5 0-0 9. Qd2 dxc5 10. dxc5 Ne5 11. Nd4 Ne8 12. Be2 Nc7 13. 0-0 Ne6 14. Nb3 Qxd2 15. Bxd2 Rd8 16. Be3 Nd3 17. Rfd1 Nxb2 18. Rxd8+ Nxd8 19. Bd4 e5 20. Be3 Be6 21. Na5 Bf8 22. Rb1 b6 23. cxb6 Bb4 24. Na4 Bxa5 25. Rxb2 Nb7 26. Nc5 Nxc5 27. Bxc5 Bc3 28. b7 Rb8 29. Bd6 Bxb2 30. Bxb8 Bd4+ 31. Kf1 Bxa2 32. Bxa6 1-0

[Event "Nikaia op 12th"]
[Site "Nikaia"]
[Date "2004.??.??"]
[Round "5"]
[White "Makka, Evanthia"]
[Black "Siamidis, Dimitrios"]
[Result "1/2-1/2"]
[WhiteElo "2090"]
[BlackElo "2210"]
[PlyCount "88"]
[EventDate "2004.08.??"]
[EventType "swiss"]
[EventRounds "9"]
[EventCountry "GRE"]
[SourceTitle "EXT 2007"]
[Source "ChessBase"]
[SourceDate "2006.11.23"]
[SourceVersion "1"]
[SourceVersionDate "2006.11.23"]
[SourceQuality "1"]

1. e4 d6 2. d4 Nf6 3. Nc3 g6 4. Nf3 Bg7 5. h3 0-0 6. Be3 c6 7. Qd2 Nbd7 8. Bh6 Qc7 9. Be2 e5 10. Bxg7 Kxg7 11. 0-0 a6 12. a4 b6 13. Rfd1 Bb7 14. dxe5 dxe5 15. Qd6 Rac8 16. Qxc7 Rxc7 17. Nd2 b5 18. f3 Nc5 19. b3 Ne6 20. Nf1 Nd4 21. Bd3 Rd8 22. Ne3 Nh5 23. Ne2 Nxe2+ 24. Bxe2 Rcd7 25. axb5 Rxd1+ 26. Rxd1 Rxd1+ 27. Bxd1 axb5 28. b4 Nf4 29. Kh2 Bc8 30. h4 f6 31. g3 Ne6 32. c3 Nc7 33. Be2 Be6 34. Kg2 Kf7 35. Kf2 Ke7 36. Ke1 Kd6 37. Kf2 c5 38. bxc5+ Kxc5 39. Ke1 Ne8 40. Kd2 Nd6 41. Ke1 f5 42. exf5 gxf5 43. Bd3 h6 44. Kd2 h5 1/2-1/2

[Event "Nikaia op 12th"]
[Site "Nikaia"]
[Date "2004.??.??"]
[Round "7"]
[White "Sideris, Theodoros"]
[Black "Siamidis, Dimitrios"]
[Result "1/2-1/2"]
[WhiteElo "2075"]
[BlackElo "2210"]
[PlyCount "150"]
[EventDate "2004.08.??"]
[EventType "swiss"]
[EventRounds "9"]
[EventCountry "GRE"]
[SourceTitle "EXT 2007"]
[Source "ChessBase"]
[SourceDate "2006.11.23"]
[SourceVersion "1"]
[SourceVersionDate "2006.11.23"]
[SourceQuality "1"]

1. e4 d5 2. exd5 Qxd5 3. Nc3 Qd8 4. Bc4 g6 5. Nf3 Bg7 6. d3 Nf6 7. Bg5 0-0 8. Qd2 Nc6 9. h3 Nd4 10. Nxd4 Qxd4 11. Be3 Qd8 12. 0-0 c6 13. Bh6 b5 14. Bxg7 Kxg7 15. Bb3 b4 16. Na4 Rb8 17. Qe3 a5 18. Rfe1 e6 19. Bc4 Qc7 20. Nc5 Rd8 21. Rad1 Nd5 22. Qd4+ Nf6 23. Qh4 Re8 24. d4 Qe7 25. Qg3 Ra8 26. Qe5 Kg8 27. Re3 Nd7 28. Qc7 Nxc5 29. Qxe7 Rxe7 30. dxc5 Bd7 31. a3 Be8 32. Red3 Kf8 33. a4 Rc7 34. Rd6 Ke7 35. R1d3 Bd7 36. f4 Rg8 37. g4 h6 38. Kf2 g5 39. f5 exf5 40. Re3+ Kd8 41. gxf5 Kc8 42. Rf6 Rf8 43. Re7 Be8 44. Rxc7+ Kxc7 45. Rxh6 Bd7 46. Rf6 Be8 47. Kg3 Kd7 48. Kg4 Ke7 49. Rd6 f6 50. b3 Bd7 51. Be6 Be8 52. Bc4 Bd7 53. Rd3 Rh8 54. Re3+ Kd8 55. Be6 Rh4+ 56. Kg3 Be8 57. Bc4 Bd7 58. Be6 Be8 59. Bc4 Bd7 60. Be6 Be8 61. Kf2 Rf4+ 62. Ke2 Bh5+ 63. Kd2 Rf2+ 64. Kc1 Be8 65. Rd3+ Ke7 66. Kb2 Re2 67. Rg3 Re4 68. Rg4 Re5 69. h4 gxh4 70. Rxh4 Rxc5 71. Rh7+ Kd6 72. Rh6 Ke7 73. Rh7+ Kd6 74. Rh6 Ke7 75. Rh7+ Kd6 1/2-1/2

[Event "Nikaia op 12th"]
[Site "Nikaia"]
[Date "2004.??.??"]
[Round "3"]
[White "Symeonidis, Haralambos"]
[Black "Siamidis, Dimitrios"]
[Result "1/2-1/2"]
[WhiteElo "2015"]
[BlackElo "2210"]
[PlyCount "222"]
[EventDate "2004.08.??"]
[EventType "swiss"]
[EventRounds "9"]
[EventCountry "GRE"]
[SourceTitle "EXT 2007"]
[Source "ChessBase"]
[SourceDate "2006.11.23"]
[SourceVersion "1"]
[SourceVersionDate "2006.11.23"]
[SourceQuality "1"]

1. d4 g6 2. c4 Bg7 3. Nc3 d6 4. e4 Nc6 5. Be3 e5 6. d5 Nce7 7. Qd2 f5 8. f3 Nf6 9. Bd3 0-0 10. Nge2 c6 11. 0-0-0 fxe4 12. Bxe4 c5 13. Ng3 a6 14. h4 Nf5 15. Nxf5 gxf5 16. Bc2 f4 17. Bf2 Nh5 18. Ne4 b5 19. Bd3 bxc4 20. Bxc4 Rb8 21. Kb1 Rb4 22. Rc1 Bf5 23. Ka1 h6 24. Rc3 Rf7 25. Rhc1 Nf6 26. Qe1 Rfb7 27. Rb3 Rxb3 28. Bxb3 a5 29. Bc4 a4 30. a3 Qb6 31. Rc2 Kh8 32. Qe2 Ng8 33. Be1 Ne7 34. Bc3 Bg6 35. Qd2 Ra7 36. g4 fxg3 37. Rc1 Nf5 38. Rg1 Qd8 39. Nxg3 Qxh4 40. Nxf5 Bxf5 41. Bd3 Rf7 42. Qc2 Qf4 43. Bxf5 Rxf5 44. Rg6 Rf6 45. Rxf6 Bxf6 46. Qd1 Bg5 47. Ba5 Kg7 48. Bc7 Be7 49. Qg1+ Kf7 50. Qh1 Qg5 51. Qf1 Qh4 52. Qb1 Kg7 53. Qf5 c4 54. Qd7 Qf6 55. Qxa4 Qxf3 56. Qxc4 h5 57. Qc6 Qf6 58. Qe8 Qf1+ 59. Ka2 Qc4+ 60. Kb1 Qxc7 61. Qxh5 Qc4 62. Qf3 Bf6 63. Qg2+ Kf7 64. Qh1 Qd3+ 65. Ka2 e4 66. Qh7+ Kf8 67. Qh6+ Ke7 68. Qh7+ Kd8 69. Qg8+ Kc7 70. Qf7+ Kb6 71. Qxf6 Qxd5+ 72. Kb1 Qd3+ 73. Kc1 Qe3+ 74. Kb1 Qd3+ 75. Kc1 e3 76. Qd8+ Kc5 77. Qc7+ Kd5 78. Qc2 Qb5 79. Qf5+ Kc6 80. Qe4+ d5 81. Qxe3 Qf1+ 82. Kc2 Qf5+ 83. Kb3 Qf7 84. Qc3+ Kd6 85. Qd4 Qf3+ 86. Kb4 Qg2 87. a4 Qf1 88. a5 Qe1+ 89. Qc3 Qe4+ 90. Kb5 Qe8+ 91. Kb4 Qe4+ 92. Ka3 d4 93. Qb4+ Kc7 94. Qb6+ Kc8 95. Qc5+ Kd7 96. Qa7+ Kc8 97. Qc5+ Kd7 98. Qb5+ Kc7 99. Qb6+ Kc8 100. a6 d3 101. a7 Qe7+ 102. Kb3 Qf7+ 103. Kc3 Qg7+ 104. Kxd3 Qg3+ 105. Kc4 Qf4+ 106. Kd5 Qf5+ 107. Kc4 Qc2+ 108. Kd5 Qf5+ 109. Kd6 Qf6+ 110. Kc5 Qf2+ 111. Kc6 Qf6+ 1/2-1/2

[Event "Attica-ch op"]
[Site "Attica"]
[Date "2003.05.23"]
[Round "9"]
[White "Logothetis, Sotirios"]
[Black "Siamidis, Dimitrios"]
[Result "1/2-1/2"]
[WhiteElo "2248"]
[BlackElo "2154"]
[PlyCount "36"]
[EventDate "2003.05.??"]
[EventType "swiss"]
[EventRounds "9"]
[EventCountry "GRE"]
[SourceTitle "EXT 2005"]
[Source "ChessBase"]
[SourceDate "2004.11.15"]
[SourceVersion "1"]
[SourceVersionDate "2004.11.15"]
[SourceQuality "1"]

1. d4 Nf6 2. Nf3 d6 3. c4 g6 4. Nc3 Bg7 5. Bg5 0-0 6. e3 c5 7. d5 h6 8. Bh4 g5 9. Bg3 Nh5 10. Bd3 f5 11. Nd2 Nxg3 12. hxg3 e6 13. Qc2 Na6 14. a3 Nc7 15. 0-0-0 Qe7 16. g4 fxg4 17. Nde4 exd5 18. cxd5 b5 1/2-1/2

[Event "Greece Christmas op"]
[Site "Greece"]
[Date "2003.??.??"]
[Round "5"]
[White "Tassopoulos, Marios"]
[Black "Siamidis, Dimitrios"]
[Result "1/2-1/2"]
[WhiteElo "2115"]
[BlackElo "2154"]
[PlyCount "79"]
[EventDate "2003.??.??"]
[EventType "swiss"]
[EventRounds "7"]
[EventCountry "GRE"]
[SourceTitle "EXT 2006"]
[Source "ChessBase"]
[SourceDate "2005.11.24"]
[SourceVersion "1"]
[SourceVersionDate "2005.11.24"]
[SourceQuality "1"]

1. e4 d6 2. d4 Nf6 3. Nc3 c6 4. f4 g6 5. e5 dxe5 6. fxe5 Nd5 7. Nxd5 cxd5 8. Bd3 Bg7 9. Nf3 Nc6 10. 0-0 Bg4 11. c3 0-0 12. Bf4 Qb6 13. Qb3 Qxb3 14. axb3 f6 15. exf6 Bxf6 16. Rae1 Bxf3 17. Rxf3 a6 18. b4 Rac8 19. Bg3 Bg7 20. Rxf8+ Kxf8 21. h4 Bf6 22. Kh2 Kg7 23. Kh3 Nd8 24. Bh2 Nf7 25. Re6 h5 26. Rb6 Nd8 27. b5 axb5 28. Bxb5 Nf7 29. Bf4 Nd8 30. Bd7 Ra8 31. Bc7 Nf7 32. Be6 g5 33. Bxf7 g4+ 34. Kg3 Kxf7 35. Be5 Bxe5+ 36. dxe5 Ra4 37. Rxb7 Re4 38. Rb6 Rxe5 39. Kf2 Rf5+ 40. Ke3 1/2-1/2

[Event "Greece Christmas op"]
[Site "Greece"]
[Date "2003.??.??"]
[Round "3"]
[White "Trivizas, Mihail"]
[Black "Siamidis, Dimitrios"]
[Result "0-1"]
[WhiteElo "2034"]
[BlackElo "2154"]
[PlyCount "84"]
[EventDate "2003.??.??"]
[EventType "swiss"]
[EventRounds "7"]
[EventCountry "GRE"]
[SourceTitle "EXT 2006"]
[Source "ChessBase"]
[SourceDate "2005.11.24"]
[SourceVersion "1"]
[SourceVersionDate "2005.11.24"]
[SourceQuality "1"]

1. Nf3 Nf6 2. c4 c5 3. d4 cxd4 4. Nxd4 e5 5. Nb5 d6 6. Bg5 a6 7. N5c3 Be7 8. Bxf6 Bxf6 9. Nd5 Nc6 10. Nbc3 Bf5 11. g3 Rc8 12. Bg2 Bg5 13. 0-0 0-0 14. e3 Re8 15. b3 e4 16. Qb1 Bf6 17. a3 Bxc3 18. Nxc3 Qe7 19. Rd1 Bg6 20. Ra2 f5 21. Rad2 Rcd8 22. Nd5 Qe5 23. Nf4 Bf7 24. h4 Qf6 25. Bf1 Ne5 26. Be2 h6 27. Kg2 g5 28. hxg5 hxg5 29. Nh3 Nf3 30. Rc2 Bh5 31. Rh1 Qg6 32. Qd1 Rf8 33. Qd5+ Rf7 34. c5 Kg7 35. c6 bxc6 36. Qxc6 Ne5 37. Qc3 Rh8 38. Nf4 Bf3+ 39. Bxf3 exf3+ 40. Kg1 Rxh1+ 41. Kxh1 gxf4 42. exf4 Qh5+ 0-1

[Event "Heraklion op 6th"]
[Site "Heraklion"]
[Date "2002.05.22"]
[Round "2"]
[White "Siamidis, Dimitrios"]
[Black "Kakkanas, Evangelos"]
[Result "0-1"]
[WhiteElo "2163"]
[BlackElo "2038"]
[PlyCount "40"]
[EventDate "2002.06.10"]
[EventType "swiss"]
[EventRounds "9"]
[EventCountry "GRE"]
[SourceTitle "EXT 2004"]
[Source "ChessBase"]
[SourceDate "2003.11.25"]
[SourceVersion "1"]
[SourceVersionDate "2003.11.25"]
[SourceQuality "1"]

1. e4 c5 2. b3 Nc6 3. Bb2 e5 4. f4 d6 5. Bc4 Nf6 6. Nc3 Be6 7. f5 Bxc4 8. bxc4 g6 9. g4 gxf5 10. gxf5 Rg8 11. Nf3 Bh6 12. Nd5 Nxe4 13. Qe2 Nf6 14. 0-0-0 Nxd5 15. cxd5 Ne7 16. Rhg1 Rxg1 17. Rxg1 Qa5 18. f6 Ng6 19. Bc3 Qxc3 20. Qb5+ Kd8 0-1

[Event "Pireus-ch"]
[Site "Athens"]
[Date "2001.12.12"]
[Round "6"]
[White "Alexakis, Dimitrios"]
[Black "Siamidis, Dimitrios"]
[Result "1-0"]
[WhiteElo "2175"]
[BlackElo "2171"]
[PlyCount "77"]
[EventDate "2001.11.29"]
[EventType "swiss"]
[EventRounds "7"]
[EventCountry "GRE"]
[SourceTitle "EXT 2003"]
[Source "ChessBase"]
[SourceDate "2002.11.25"]
[SourceVersion "1"]
[SourceVersionDate "2002.11.25"]
[SourceQuality "1"]

1. e4 d5 2. exd5 Qxd5 3. Nc3 Qd8 4. Nf3 Nf6 5. Bc4 Bf5 6. Ne5 e6 7. Qf3 Qd4 8. Bb5+ Ke7 9. 0-0 Be4 10. Nxe4 Qxe4 11. Qa3+ Kd8 12. Nxf7+ Kc8 13. Qb3 Rg8 14. Ng5 Qd5 15. Nxe6 Bd6 16. Qxd5 Nxd5 17. Bc4 c6 18. d3 Nd7 19. Bxd5 cxd5 20. Bf4 Bxf4 21. Nxf4 Nf6 22. Rfe1 Kd7 23. Re5 Kd6 24. Rae1 Rad8 25. Re6+ Kc7 26. Rxf6 gxf6 27. Ne6+ Kd6 28. Nxd8 Rxd8 29. c3 b5 30. a3 a5 31. f4 b4 32. axb4 axb4 33. Ra1 b3 34. Ra3 Rb8 35. Kf2 Kc5 36. d4+ Kc4 37. Ke2 Rg8 38. g3 Rg6 39. Ra5 1-0